[Event "Buenos Aires CA ITT 3rd"]
[Site "Buenos Aires"]
[Date "2003.??.??"]
[Round "9"]
[White "Szmetan, Ricardo"]
[Black "Cubas, Jose Fernando"]
[Result "1/2-1/2"]
[WhiteElo "2288"]
[BlackElo "2419"]
[PlyCount "46"]
[EventDate "2003.08.05"]
[EventType "tourn"]
[EventRounds "11"]
[EventCountry "ARG"]
[EventCategory "3"]
[SourceTitle "CBM 095 Extra"]
[Source "ChessBase"]
[SourceDate "2003.09.04"]
[SourceVersion "1"]
[SourceVersionDate "2003.09.04"]
[SourceQuality "1"]

1. Nf3 Nf6 2. g3 d5 3. Bg2 c6 4. O-O Bf5 5. b3 e6 6. Bb2 Be7 7. d3 h6 8. Nbd2
O-O 9. Qe1 Bh7 10. e4 a5 11. a4 Na6 12. Qe2 Nb4 13. Rac1 Nd7 14. Ne5 Nxe5 15.
Bxe5 Bf6 16. Nf3 Bxe5 17. Nxe5 Qd6 18. f4 Rad8 19. c3 f6 20. Ng4 Na6 21. e5
fxe5 22. Nxe5 Nc5 23. Qd1 d4 1/2-1/2

[Event "Buenos Aires CA ITT 3rd"]
[Site "Buenos Aires"]
[Date "2003.??.??"]
[Round "11"]
[White "Altamirano, Benjamin"]
[Black "Cubas, Jose Fernando"]
[Result "0-1"]
[WhiteElo "2333"]
[BlackElo "2419"]
[PlyCount "137"]
[EventDate "2003.08.05"]
[EventType "tourn"]
[EventRounds "11"]
[EventCountry "ARG"]
[EventCategory "3"]
[SourceTitle "CBM 095 Extra"]
[Source "ChessBase"]
[SourceDate "2003.09.04"]
[SourceVersion "1"]
[SourceVersionDate "2003.09.04"]
[SourceQuality "1"]

1. c4 e5 2. g3 f5 3. Bg2 Nf6 4. d4 exd4 5. Qxd4 Nc6 6. Qe3+ Kf7 7. Bd2 a5 8.
Nh3 h6 9. Nf4 Bb4 10. c5 g5 11. Bxb4 Nxb4 12. Qb3+ d5 13. cxd6+ Kg7 14. a3 Nc6
15. Bxc6 gxf4 16. Bf3 Qxd6 17. Nc3 fxg3 18. Rg1 Be6 19. Qc2 c6 20. Rxg3+ Kf7
21. Rd1 Qc5 22. Qd2 Bb3 23. Qf4 Bxd1 24. Qc7+ Ke6 25. Rg7 Rad8 26. Bh5 Nxh5 27.
Qf7+ Ke5 28. Qxh5 Bc2 29. e3 Rhf8 30. Rg6 Rf6 31. Rxf6 Kxf6 32. Qh4+ Kg6 33.
Qxd8 Qe5 34. Qg8+ Qg7 35. Qb8 Qe7 36. Qg3+ Qg5 37. Qd6+ Qf6 38. Qd4 Qxd4 39.
exd4 b5 40. d5 b4 41. axb4 axb4 42. Na2 c5 43. Nc1 Kf6 44. Kd2 Be4 45. Nd3 Bxd5
46. Nxc5 Kg5 47. Nd3 b3 48. Ke3 Kg4 49. f3+ Kg5 50. Nf4 Bc4 51. Nh3+ Kh4 52.
Nf2 Kg5 53. f4+ Kh4 54. Kd4 Be6 55. Ke5 Bc8 56. Kf6 Bd7 57. Kg6 h5 58. Kh6 Bc8
59. Kg6 Bd7 60. Kf7 Bc8 61. Kf6 Bd7 62. Ke5 Bc8 63. Kd4 Ba6 64. Ke3 Bb7 65. Kd4
Bc8 66. Ke5 Bd7 67. Nd1 Kh3 68. Ne3 Kxh2 69. Nxf5 0-1

[Event "American Continental 2nd"]
[Site "Buenos Aires"]
[Date "2003.08.17"]
[Round "1"]
[White "Cubas, Jose Fernando"]
[Black "Walsh, Hector"]
[Result "0-1"]
[WhiteElo "2419"]
[BlackElo "2156"]
[Annotator "Rogozenco,D"]
[PlyCount "50"]
[EventDate "2003.08.17"]
[EventType "swiss"]
[EventRounds "11"]
[EventCountry "ARG"]
[SourceTitle "CBM 097"]
[Source "ChessBase"]
[SourceDate "2003.11.11"]
[SourceVersion "1"]
[SourceVersionDate "2003.11.11"]
[SourceQuality "1"]

1. e4 c5 2. Nf3 d6 3. d4 cxd4 4. Nxd4 Nf6 5. Nc3 Nc6 6. f3 g6 7. Be3 Bg7 8. Qd2
O-O 9. O-O-O Bd7 10. Kb1 Rc8 11. g4 Ne5 12. h4 Qa5 13. Bg5 {In this particular
position nobody ever played this. There are plenty of other moves, such as 13.
Nb3, 13.Be2. 13.Nd5 or 13.h5.} Nxf3 $5 {This sacrifice is also Black's main
answer after 13.h5.} 14. Nxf3 Bxg4 15. Be2 $2 (15. Nd5 Qxd2 16. Nxe7+ Kh8 17.
Rxd2 Bxf3 18. Rh3 Bxe4 19. Nxc8 Rxc8 $13) 15... Rxc3 $1 {Now a typical Dragon
attack will follow. The shelter of White's king position breaks appart.} 16.
Bxf6 (16. Qxc3 Qxc3 17. bxc3 Nxe4 $17) 16... Bxf6 17. e5 $8 (17. bxc3 Be6 $19)
17... Bxf3 18. Bxf3 Bxe5 19. bxc3 Qb6+ $1 (19... Bxc3 $2 20. Qd5 Qb6+ 21. Qb3
$16) 20. Kc1 Rc8 {Black has a powerful attack for material defficiency.} 21.
Qg5 (21. Rdf1 Bxc3 22. Qd3 Rc4 23. Qxc4 Qb2+ 24. Kd1 Qb1+ 25. Ke2 Qxc2+ 26. Ke3
Bd2+ 27. Kd4 Be3+ 28. Kxe3 Qxc4 $17 {/-+}) 21... Rxc3 22. Rd3 Rc4 $19 {
Impressive play by a player with such a low rating.} 23. Rd2 Bf4 24. Qg1 Qb4
25. Rhh2 Qc3 0-1

[Event "American Continental 2nd"]
[Site "Buenos Aires"]
[Date "2003.08.18"]
[Round "2"]
[White "Dos Santos, Francisco Jose"]
[Black "Cubas, Jose Fernando"]
[Result "1/2-1/2"]
[WhiteElo "2193"]
[BlackElo "2419"]
[PlyCount "54"]
[EventDate "2003.08.17"]
[EventType "swiss"]
[EventRounds "11"]
[EventCountry "ARG"]
[SourceTitle "CBM 097"]
[Source "ChessBase"]
[SourceDate "2003.11.11"]
[SourceVersion "1"]
[SourceVersionDate "2003.11.11"]
[SourceQuality "1"]

1. Nf3 d5 2. d4 Nf6 3. Bf4 c5 4. e3 Nc6 5. c3 Qb6 6. Qb3 c4 7. Qc2 g6 8. Nbd2
Bf5 9. Qc1 Bg7 10. h3 O-O 11. g4 Be4 12. Nxe4 Nxe4 13. Bg2 e5 14. Nxe5 Nxe5 15.
Bxe4 dxe4 16. dxe5 Rad8 17. O-O Rd3 18. b3 Qe6 19. Qa3 h5 20. Qxa7 Bxe5 21.
Bxe5 Qxe5 22. Qxb7 hxg4 23. bxc4 Rb8 24. Qc6 Rxe3 25. Qd5 Rg3+ 26. fxg3 Qxg3+
27. Kh1 Qxh3+ 1/2-1/2

[Event "American Continental 2nd"]
[Site "Buenos Aires"]
[Date "2003.08.19"]
[Round "3"]
[White "Cubas, Jose Fernando"]
[Black "Varela, Daniel"]
[Result "1-0"]
[WhiteElo "2419"]
[BlackElo "2164"]
[Annotator "Hecht,H"]
[PlyCount "65"]
[EventDate "2003.08.17"]
[EventType "swiss"]
[EventRounds "11"]
[EventCountry "ARG"]
[SourceTitle "CBM 097"]
[Source "ChessBase"]
[SourceDate "2003.11.11"]
[SourceVersion "1"]
[SourceVersionDate "2003.11.11"]
[SourceQuality "1"]

1. e4 e6 2. d4 d5 3. Nc3 Nf6 4. e5 Nfd7 5. f4 c5 6. Nf3 Nc6 7. Be3 a6 8. Qd2 b5
9. dxc5 Nxc5 10. Qf2 Na4 11. Nxa4 bxa4 12. Nd4 Bd7 13. a3 Qb8 14. c4 Nxd4 15.
Bxd4 dxc4 16. Rc1 Qb7 17. Bxc4 Qe4+ 18. Be2 Bb5 19. Qf3 Qxe2+ 20. Qxe2 Bxe2 21.
Kxe2 Be7 22. Rc4 O-O 23. Rhc1 Rfd8 24. Rxa4 Rd5 25. Rc6 a5 26. Bc3 Kf8 27. Rxa5
Rdxa5 28. Bxa5 {[#] Tactic: encircle the bishop. [#] Taktik: Läufereinkreisung}
Bxa3 {In order to get at least a pawn in return. Um sich wenigstens einen
Bauern zurück zu holen.} 29. b4 $1 Rb8 30. Rc4 {[%csl Ra3,Gd8][%cal Re2d3,
Rd3c2,Rc2b3]} Rb7 (30... Ke8 31. Kd1 Kd7 32. Rc3 (32. Kc2 $143 Rc8) 32... Bxb4
(32... Bb2 33. Rd3+ Ke8 34. Kc2 Ba1 35. Kb1 $18)) 31. Kd3 f6 32. Kc2 Rd7 33.
Rc3 1-0

[Event "American Continental 2nd"]
[Site "Buenos Aires"]
[Date "2003.08.21"]
[Round "4"]
[White "Estay Torreblanca, Oscar"]
[Black "Cubas, Jose Fernando"]
[Result "0-1"]
[WhiteElo "2231"]
[BlackElo "2419"]
[Annotator "Atlas,V"]
[PlyCount "60"]
[EventDate "2003.08.17"]
[EventType "swiss"]
[EventRounds "11"]
[EventCountry "ARG"]
[SourceTitle "CBM 097"]
[Source "ChessBase"]
[SourceDate "2003.11.11"]
[SourceVersion "1"]
[SourceVersionDate "2003.11.11"]
[SourceQuality "1"]

1. e4 e6 2. d4 d5 3. Nc3 Bb4 4. e5 c5 5. a3 Ba5 6. b4 cxd4 7. Nb5 Bc7 8. f4 Ne7
9. Nf3 Nbc6 10. Nbxd4 a6 11. Bd3 Bb6 12. Be3 Bd7 13. Qe2 Rc8 14. O-O Nxd4 15.
Nxd4 Ba4 16. f5 exf5 17. Nxf5 Nxf5 18. Rxf5 Bd7 19. Rf4 Qg5 20. Raf1 Bxe3+ 21.
Qxe3 O-O 22. Qd4 Rce8 23. Bf5 Bb5 24. R1f3 Qe7 25. Re3 g6 26. e6 (26. Bg4 {
was to be preferred. war vorzuziehen.}) 26... Qd6 27. exf7+ $2 ({Much better
was Viel stärker war} 27. c4 $1) 27... Rxf7 28. Rxe8+ $2 ({A big mistake,
after which White's position becomes critical. Essential was Ein schwerer
Fehler, nach dem die weiße Stellung kritisch wird. Erforderlich war} 28. c4)
28... Bxe8 29. Re4 Bb5 (29... Qf8 {was another winning move here. war hier ein
weiterer Gewinnzug.}) 30. Be6 {[%tqu "En","How can Black finish the game
victoriously?","Exploit the weakness of White's back rank.","Sacrifice your
queen!","d6e6","This impressive queen sacrifice wins immediatiely.",4,"De",
"Wie kann Schwarz die Partie siegreich beenden?","Nutzen Sie die Schwäche der
weißen Grundreihe aus.","Opfern Sie die Dame!","d6e6","Dieses beeindruckende
Damenopfer gewinnt sofort.",4]} Qxe6 $1 {[%cal Gf7f1,Gb5f1]} ({This elegant
queen sacrifice wins on the spot: Dieses elegante Damenopfer gewinnt auf der
Stelle:} 30... Qxe6 31. Rxe6 Rf1#) 0-1

[Event "American Continental 2nd"]
[Site "Buenos Aires"]
[Date "2003.08.23"]
[Round "6"]
[White "Cubas, Jose Fernando"]
[Black "Huerta, Ramon"]
[Result "1-0"]
[WhiteElo "2419"]
[BlackElo "2288"]
[PlyCount "85"]
[EventDate "2003.08.17"]
[EventType "swiss"]
[EventRounds "11"]
[EventCountry "ARG"]
[SourceTitle "CBM 097"]
[Source "ChessBase"]
[SourceDate "2003.11.11"]
[SourceVersion "1"]
[SourceVersionDate "2003.11.11"]
[SourceQuality "1"]

1. e4 e6 2. d4 d5 3. e5 c5 4. c3 Qb6 5. Nf3 Nc6 6. a3 Bd7 7. b4 cxd4 8. cxd4
Rc8 9. Be3 a6 10. Bd3 Na7 11. Qd2 Bb5 12. Nc3 Bxd3 13. Qxd3 Ne7 14. O-O Qc6 15.
Rfc1 Qd7 16. Nd2 Nf5 17. Nb3 Be7 18. Nc5 Bxc5 19. bxc5 O-O 20. Ra2 f6 21. f4 h5
22. Rb2 Rc7 23. Bf2 Nc6 24. Qd1 Qf7 25. Qd3 Qg6 26. Rcb1 Rff7 27. Ne2 Kh7 28.
Rb6 Nh6 29. R1b3 Qxd3 30. Rxd3 Nf5 31. g3 Nh6 32. Kg2 Kg8 33. Be1 Nf5 34. h3
Nh6 35. Bd2 Kf8 36. Ng1 Kg8 37. Nf3 Rce7 38. Nh2 Re8 39. Nf3 Ree7 40. Rb2 Rc7
41. Nh2 Rf8 42. Bc3 fxe5 43. fxe5 1-0

[Event "American Continental 2nd"]
[Site "Buenos Aires"]
[Date "2003.08.25"]
[Round "7"]
[White "Sorin, Ariel"]
[Black "Cubas, Jose Fernando"]
[Result "1-0"]
[WhiteElo "2519"]
[BlackElo "2419"]
[Annotator "Huebner,R"]
[PlyCount "57"]
[EventDate "2003.08.17"]
[EventType "swiss"]
[EventRounds "11"]
[EventCountry "ARG"]
[SourceTitle "CBM 097"]
[Source "ChessBase"]
[SourceDate "2003.11.11"]
[SourceVersion "1"]
[SourceVersionDate "2003.11.11"]
[SourceQuality "1"]

1. d4 d5 2. c4 c6 3. cxd5 cxd5 4. Nc3 Nf6 5. Bf4 Nc6 6. e3 Bf5 7. Nf3 e6 8. Bb5
Bb4 9. Ne5 Qa5 10. O-O Bxc3 11. Bxc6+ bxc6 12. bxc3 Qa6 13. g4 Bg6 14. f3 Nd7
15. Nxd7 Kxd7 16. Qb3 f6 (16... Rhd8 17. Rf2 Ke8 18. Rc1 Bd3 19. Qb4 Rd7 20.
Rb2 f6 21. Bd6 Rad8 22. Bg3 {1/2-1/2 Portisch,L-Zhu Chen/Marbella 1999/CBM 74 
(22).}) 17. e4 (17. Qb4) 17... Qb6 $2 {Schwarz müht sich, die Stellung
möglichst zu öffnen.} (17... dxe4 $5 {führt zu keinem klaren Ergebnis.}) (17...
Rhe8 18. Rab1 (18. Qb4 e5 {ist offenbar ungünstig für Weiß.}) 18... Re7 {
sollte ebenfalls ausreichende Verteidigungsmöglichkeiten gewähren.}) 18. Qa3 (
18. Rfb1 Qxb3 (18... e5 19. Qxb6 axb6 20. dxe5 fxe5 21. Bxe5 {gibt dem Weißen
ebenfalls die Initiative.}) 19. Rxb3 dxe4 20. fxe4 Bxe4 21. Rb7+ {kommt auch
in Betracht.}) 18... e5 19. Rab1 Qc7 20. dxe5 fxe5 21. Bg3 Rab8 22. Rbd1 Ke6 $2
(22... Rb5 23. exd5 Rxd5 24. c4 Rxd1 25. Rxd1+ Kc8 {mußte versucht werden.})
23. exd5+ cxd5 24. Rfe1 $18 Qb6+ 25. Kh1 e4 26. f4 Rbf8 27. f5+ Bxf5 28. gxf5+
Rxf5 29. Rxe4+ 1-0

[Event "American Continental 2nd"]
[Site "Buenos Aires"]
[Date "2003.08.27"]
[Round "9"]
[White "Burgos, Carlos"]
[Black "Cubas, Jose Fernando"]
[Result "1-0"]
[WhiteElo "2335"]
[BlackElo "2419"]
[PlyCount "116"]
[EventDate "2003.08.17"]
[EventType "swiss"]
[EventRounds "11"]
[EventCountry "ARG"]
[SourceTitle "CBM 097"]
[Source "ChessBase"]
[SourceDate "2003.11.11"]
[SourceVersion "1"]
[SourceVersionDate "2003.11.11"]
[SourceQuality "1"]

1. d4 d5 2. c4 c6 3. Nf3 Nf6 4. e3 a6 5. Nbd2 Bf5 6. a4 e6 7. Qb3 Ra7 8. Nh4
Be4 9. f3 Bg6 10. Qc3 Ne4 11. fxe4 Qxh4+ 12. g3 Qd8 13. Bg2 dxe4 14. Nxe4 a5
15. c5 Na6 16. O-O Nb4 17. Bd2 Be7 18. d5 cxd5 19. Qxg7 Rf8 20. Nf6+ Bxf6 21.
Rxf6 Kd7 22. Raf1 Kc8 23. Bc3 Nc6 24. Rxe6 Rg8 25. Rd6 Rxg7 26. Rxd8+ Nxd8 27.
Bxg7 Ne6 28. Bd4 Nc7 29. Rf6 Ra6 30. Rxa6 Nxa6 31. Bxd5 Nc7 32. Bb3 Ne6 33. g4
Kc7 34. Bd5 h6 35. Kf2 Ng5 36. h4 Ne6 37. Ke2 Bc2 38. b3 Bg6 39. Kd2 Bb1 40.
Kc3 Bg6 41. Bf3 f5 42. gxf5 Bxf5 43. Kc4 Bc2 44. Be5+ Kc8 45. Bc3 Nf8 46. h5
Nd7 47. Bg7 Kc7 48. Bxh6 Bh7 49. Bf4+ Kc8 50. Bd5 Nf6 51. Be6+ Kd8 52. Bg5 Ke7
53. Bd5 Bf5 54. Bxf6+ Kxf6 55. Bxb7 Ke5 56. e4 Be6+ 57. Kb5 Bxb3 58. Kxa5 Kf4
1-0

[Event "American Continental 2nd"]
[Site "Buenos Aires"]
[Date "2003.08.28"]
[Round "10"]
[White "Cubas, Jose Fernando"]
[Black "Claverie, Raul Ricardo"]
[Result "1-0"]
[WhiteElo "2419"]
[BlackElo "2303"]
[PlyCount "71"]
[EventDate "2003.08.17"]
[EventType "swiss"]
[EventRounds "11"]
[EventCountry "ARG"]
[SourceTitle "CBM 097"]
[Source "ChessBase"]
[SourceDate "2003.11.11"]
[SourceVersion "1"]
[SourceVersionDate "2003.11.11"]
[SourceQuality "1"]

1. e4 e6 2. d4 d5 3. Nc3 Bb4 4. a3 Bxc3+ 5. bxc3 dxe4 6. Qg4 Nf6 7. Qxg7 Rg8 8.
Qh6 Rg6 9. Qh4 Rg4 10. Qh6 Rg6 11. Qd2 c5 12. Bb2 Nbd7 13. O-O-O Qc7 14. c4 b6
15. Ne2 Bb7 16. Nc3 a6 17. d5 exd5 18. Nxd5 Nxd5 19. cxd5 Qd6 20. f3 f5 21.
fxe4 fxe4 22. Qe3 O-O-O 23. Qxe4 Nf6 24. Qf5+ Nd7 25. g3 Rf8 26. Qe4 Kb8 27.
Bh3 Ka7 28. Be6 Nf6 29. Qf4 Qxf4+ 30. gxf4 Ne4 31. f5 Rg2 32. Rdg1 Rf2 33. Re1
Ng5 34. Rhf1 Rxh2 35. Bg7 Re8 36. f6 1-0

[Event "American Continental 2nd"]
[Site "Buenos Aires"]
[Date "2003.08.29"]
[Round "11"]
[White "Liascovich, Lucas Agustin"]
[Black "Cubas, Jose Fernando"]
[Result "1/2-1/2"]
[WhiteElo "2310"]
[BlackElo "2419"]
[PlyCount "83"]
[EventDate "2003.08.17"]
[EventType "swiss"]
[EventRounds "11"]
[EventCountry "ARG"]
[SourceTitle "CBM 097"]
[Source "ChessBase"]
[SourceDate "2003.11.11"]
[SourceVersion "1"]
[SourceVersionDate "2003.11.11"]
[SourceQuality "1"]

1. d4 d5 2. c4 c6 3. Nf3 Nf6 4. e3 Bf5 5. Bd3 Bg6 6. Ne5 e6 7. Nxg6 hxg6 8. Nc3
Nbd7 9. Qe2 Bb4 10. Bd2 O-O 11. O-O Re8 12. Nxd5 Nxd5 13. cxd5 Bxd2 14. dxc6
Ba5 15. cxd7 Re7 16. h4 Rxd7 17. h5 gxh5 18. Qxh5 g6 19. Qg4 Kg7 20. f4 Rxd4
21. Bxg6 fxg6 22. exd4 Qxd4+ 23. Kh2 e5 24. Rf3 Bd2 25. Rh3 Bxf4+ 26. Kh1 Rd8
27. Qh4 Qd1+ 28. Qe1 Qg4 29. Rc1 Rd2 30. Qf1 e4 31. Re1 Bg3 32. Rxg3 Qxg3 33.
Rxe4 Qg5 34. Qf3 Rc2 35. Qh3 Rc7 36. Re1 Rc4 37. Qd7+ Kh6 38. Qe8 Qh4+ 39. Kg1
Qd4+ 40. Re3 Rc8 41. Qe7 Rc7 42. Kh2 1/2-1/2

[Event "Asuncion zt 2.5"]
[Site "Asuncion"]
[Date "2003.09.14"]
[Round "1"]
[White "Cubas, Jose Fernando"]
[Black "Vera, I Jorge"]
[Result "1-0"]
[WhiteElo "2419"]
[BlackElo "2189"]
[PlyCount "67"]
[EventDate "2003.09.14"]
[EventType "swiss"]
[EventRounds "9"]
[EventCountry "PAR"]
[SourceTitle "CBM 096 Extra"]
[Source "ChessBase"]
[SourceDate "2003.10.22"]
[SourceVersion "2"]
[SourceVersionDate "2003.10.20"]
[SourceQuality "1"]

1. e4 c5 2. Nf3 d6 3. d4 cxd4 4. Nxd4 Nf6 5. Nc3 g6 6. Be3 Bg7 7. Be2 O-O 8.
O-O Nc6 9. Nb3 Be6 10. f4 Qc8 11. Kh1 Rd8 12. Bf3 d5 13. e5 Ne4 14. Ne2 f6 15.
exf6 exf6 16. Ned4 Bf7 17. a4 Re8 18. Bg1 a6 19. Re1 Qc7 20. f5 Rad8 21. Nxc6
Qxc6 22. Nd4 Qd6 23. c4 Qf4 24. Ne6 Bxe6 25. fxe6 Rxe6 26. cxd5 Re5 27. Qb3 Nd2
28. Qb6 Rde8 29. Rxe5 Qxe5 30. d6 Qe6 31. Bxb7 Bf8 32. Rd1 Qe2 33. d7 Ne4 34.
Bxe4 1-0

[Event "Asuncion zt 2.5"]
[Site "Asuncion"]
[Date "2003.09.15"]
[Round "2"]
[White "Flores, Diego"]
[Black "Cubas, Jose Fernando"]
[Result "1-0"]
[WhiteElo "2439"]
[BlackElo "2419"]
[PlyCount "97"]
[EventDate "2003.09.14"]
[EventType "swiss"]
[EventRounds "9"]
[EventCountry "PAR"]
[SourceTitle "CBM 096 Extra"]
[Source "ChessBase"]
[SourceDate "2003.10.22"]
[SourceVersion "2"]
[SourceVersionDate "2003.10.20"]
[SourceQuality "1"]

1. e4 c5 2. Nc3 Nc6 3. f4 e6 4. Nf3 d5 5. Bb5 Nge7 6. Qe2 dxe4 7. Ne5 Bd7 8.
Nxe4 Nd5 9. Bxc6 Bxc6 10. d3 Be7 11. Nxc6 bxc6 12. O-O O-O 13. a3 Qd7 14. Qf2
Nf6 15. Nxc5 Qd5 16. Nb3 c5 17. Nd2 e5 18. fxe5 Ng4 19. Qf3 Qd4+ 20. Kh1 Nxe5
21. Qe4 Ng4 22. Qxd4 cxd4 23. Nc4 Bf6 24. Bf4 Rfe8 25. Rae1 g5 26. Bd2 Kg7 27.
h3 Ne3 28. Bxe3 dxe3 29. Re2 g4 30. hxg4 Rad8 31. Rxe3 Rxe3 32. Nxe3 Bxb2 33.
Nc4 Bd4 34. g3 Kg6 35. Kg2 Rd5 36. Rf4 f6 37. Kf3 h5 38. gxh5+ Kxh5 39. Ke4 Rd7
40. Kf5 Rd5+ 41. Ke6 Rd8 42. Nd6 Be5 43. Rf5+ Kg6 44. Rxe5 fxe5 45. c4 Rb8 46.
c5 Rb3 47. c6 e4 48. c7 Rc3 49. Nc4 1-0

[Event "Asuncion zt 2.5"]
[Site "Asuncion"]
[Date "2003.09.16"]
[Round "3"]
[White "Cubas, Jose Fernando"]
[Black "Rojas Keim, Luis Alberto"]
[Result "0-1"]
[WhiteElo "2419"]
[BlackElo "2433"]
[PlyCount "68"]
[EventDate "2003.09.14"]
[EventType "swiss"]
[EventRounds "9"]
[EventCountry "PAR"]
[SourceTitle "CBM 096 Extra"]
[Source "ChessBase"]
[SourceDate "2003.10.22"]
[SourceVersion "2"]
[SourceVersionDate "2003.10.20"]
[SourceQuality "1"]

1. e4 e6 2. d4 d5 3. e5 c5 4. c3 Nc6 5. Nf3 Qb6 6. a3 Nh6 7. b4 cxd4 8. cxd4
Nf5 9. Be3 Bd7 10. Bd3 Nxe3 11. fxe3 Be7 12. O-O Rc8 13. Nbd2 a5 14. b5 Nb8 15.
Nb1 O-O 16. Qb3 Be8 17. Nc3 Nd7 18. Rac1 Qd8 19. Na4 Rxc1 20. Rxc1 f5 21. exf6
Bxf6 22. Nc5 Nxc5 23. dxc5 Bh5 24. c6 Qb6 25. Be2 Rc8 26. Bd1 Be8 27. Kf2 bxc6
28. bxc6 Qxb3 29. Bxb3 Rxc6 30. Rxc6 Bxc6 31. Nd4 Bd7 32. Ke2 Kf7 33. Kd3 Ke7
34. Nf3 a4 0-1

[Event "Asuncion zt 2.5"]
[Site "Asuncion"]
[Date "2003.09.17"]
[Round "4"]
[White "Valiente, Cristobal"]
[Black "Cubas, Jose Fernando"]
[Result "1/2-1/2"]
[WhiteElo "2322"]
[BlackElo "2419"]
[PlyCount "28"]
[EventDate "2003.09.14"]
[EventType "swiss"]
[EventRounds "9"]
[EventCountry "PAR"]
[SourceTitle "CBM 096 Extra"]
[Source "ChessBase"]
[SourceDate "2003.10.22"]
[SourceVersion "2"]
[SourceVersionDate "2003.10.20"]
[SourceQuality "1"]

1. d4 d5 2. Nf3 Nf6 3. c4 c6 4. e3 Bf5 5. Bd3 Bxd3 6. Qxd3 e6 7. Nc3 Bb4 8. O-O
Nbd7 9. Bd2 a5 10. a3 Be7 11. Rfd1 O-O 12. e4 dxe4 13. Nxe4 Nxe4 14. Qxe4 a4
1/2-1/2

[Event "Asuncion zt 2.5"]
[Site "Asuncion"]
[Date "2003.09.18"]
[Round "5"]
[White "Sosa Harrison, Jorge"]
[Black "Cubas, Jose Fernando"]
[Result "0-1"]
[WhiteElo "2294"]
[BlackElo "2419"]
[PlyCount "106"]
[EventDate "2003.09.14"]
[EventType "swiss"]
[EventRounds "9"]
[EventCountry "PAR"]
[SourceTitle "CBM 096 Extra"]
[Source "ChessBase"]
[SourceDate "2003.10.22"]
[SourceVersion "2"]
[SourceVersionDate "2003.10.20"]
[SourceQuality "1"]

1. Nf3 d5 2. d4 Nf6 3. Bf4 Bf5 4. e3 c6 5. Bd3 Bxd3 6. Qxd3 Nbd7 7. Nbd2 e6 8.
O-O Be7 9. h3 O-O 10. c4 a5 11. c5 b6 12. cxb6 Qxb6 13. b3 c5 14. Bg5 h6 15.
Bh4 Rfc8 16. Ne5 Bd6 17. Bxf6 Nxf6 18. f4 Qa6 19. Qxa6 Rxa6 20. Rfc1 Raa8 21.
Kf2 cxd4 22. exd4 Ba3 23. Rxc8+ Rxc8 24. Ke3 Rc3+ 25. Nd3 Bd6 26. Rc1 Bxf4+ 27.
Kxf4 Rxd3 28. Rc8+ Kh7 29. Nf3 Ne4 30. h4 a4 31. Rc7 axb3 32. axb3 f6 33. Re7
Rxb3 34. Rxe6 Rb2 35. g4 Rb3 36. Re7 Kg8 37. h5 Ng5 38. Nxg5 fxg5+ 39. Kf5 Rf3+
40. Ke6 Re3+ 41. Kd6 Re4 42. Re5 Rxd4 43. Rxd5 Rxg4 44. Ke6 Rf4 45. Rd8+ Kh7
46. Rd7 Rf6+ 47. Ke7 Rf2 48. Ke8 g4 49. Rd4 Rf5 50. Rxg4 Rxh5 51. Kf7 Rf5+ 52.
Ke6 g6 53. Rc4 h5 0-1

[Event "Asuncion zt 2.5"]
[Site "Asuncion"]
[Date "2003.09.21"]
[Round "7"]
[White "Cubas, Jose Fernando"]
[Black "Mahia, Gustavo"]
[Result "0-1"]
[WhiteElo "2419"]
[BlackElo "2377"]
[PlyCount "118"]
[EventDate "2003.09.14"]
[EventType "swiss"]
[EventRounds "9"]
[EventCountry "PAR"]
[SourceTitle "CBM 096 Extra"]
[Source "ChessBase"]
[SourceDate "2003.10.22"]
[SourceVersion "2"]
[SourceVersionDate "2003.10.20"]
[SourceQuality "1"]

1. e4 c5 2. Nf3 e6 3. d4 cxd4 4. Nxd4 a6 5. Bd3 Qb6 6. Nb3 Qc7 7. Nc3 Nf6 8.
Qe2 d6 9. g4 Be7 10. g5 Nfd7 11. Be3 b5 12. a3 Nc6 13. f4 Bb7 14. Qf2 g6 15.
Rf1 h6 16. Nd4 hxg5 17. f5 gxf5 18. Nxf5 exf5 19. Nd5 Qd8 20. Qxf5 Nce5 21.
O-O-O Bxd5 22. exd5 Rxh2 23. Rd2 Rxd2 24. Bxd2 Bf6 25. Be2 Qe7 26. Kb1 Rc8 27.
Bb4 Bg7 28. Qh7 Kf8 29. Qf5 Rd8 30. a4 bxa4 31. Bxa6 Rb8 32. c3 Nc5 33. Be2 Kg8
34. Ka1 Qb7 35. Qxg5 Ncd3 36. Ba3 Nxb2 37. Rb1 Qb3 38. Bxd6 Qxc3 39. Rc1 Qd4
40. Qg1 Qxd5 41. Qc5 Qxc5 42. Rxc5 Nd7 43. Bxb8 Nxc5 44. Ka2 Nbd3 45. Ba7 f5
46. Ka3 Bb2+ 47. Ka2 a3 48. Kb1 f4 49. Bb6 Kf7 50. Bh5+ Ke6 51. Bg4+ Kd5 52.
Bf3+ Kd4 53. Be2 Ke4 54. Bf1 f3 55. Ba7 Bd4 56. Ka2 Bb2 57. Kb1 Na6 58. Kc2
Nab4+ 59. Kb3 Nc1+ 0-1

[Event "Asuncion zt 2.5"]
[Site "Asuncion"]
[Date "2003.09.22"]
[Round "8"]
[White "Llorens Sepulveda, Marcelo"]
[Black "Cubas, Jose Fernando"]
[Result "1-0"]
[WhiteElo "2374"]
[BlackElo "2419"]
[PlyCount "133"]
[EventDate "2003.09.14"]
[EventType "swiss"]
[EventRounds "9"]
[EventCountry "PAR"]
[SourceTitle "CBM 096 Extra"]
[Source "ChessBase"]
[SourceDate "2003.10.22"]
[SourceVersion "2"]
[SourceVersionDate "2003.10.20"]
[SourceQuality "1"]

1. e4 c5 2. Nf3 d6 3. c3 Nf6 4. Bd3 Nc6 5. O-O e5 6. Bc2 Bg4 7. h3 Bxf3 8. Qxf3
Be7 9. d3 O-O 10. Nd2 b5 11. a4 a6 12. Re1 Rb8 13. Nf1 b4 14. Ne3 bxc3 15. bxc3
Ne8 16. g3 Bg5 17. h4 Bxe3 18. Qxe3 Qa5 19. Qd2 Nc7 20. Ra3 Na8 21. f4 c4 22.
f5 f6 23. dxc4 Nb6 24. Qxd6 Nd4 25. Bd1 Rfd8 26. Qb4 Qxb4 27. cxb4 Nxc4 28. Rc3
Rxb4 29. Kg2 Nb2 30. Bxb2 Rxb2+ 31. Kh3 Rb1 32. Rce3 Rc8 33. Bh5 Rb4 34. Ra1 a5
35. Raa3 Kf8 36. Rec3 Rbc4 37. Rxc4 Rxc4 38. Ra1 Ke7 39. Rb1 Rb4 40. Rc1 Kd7
41. Bd1 Kd6 42. Rc8 Nc6 43. Rg8 Rb7 44. Be2 Rc7 45. Bb5 Na7 46. Be2 Kc5 47. Rd8
Kb4 48. Bd1 Nc6 49. Ra8 Rd7 50. Bh5 Kxa4 51. Rc8 Kb5 52. Be8 Rd6 53. Rc7 Kb6
54. Rxg7 a4 55. Rxh7 a3 56. Bxc6 Rxc6 57. Rd7 Rc1 58. Rd2 Kb5 59. g4 Rc3+ 60.
Kg2 Rb3 61. Rd8 Rb4 62. g5 fxg5 63. Rb8+ Ka4 64. Rxb4+ Kxb4 65. f6 a2 66. f7
a1=Q 67. f8=Q+ 1-0